000 00430nam a2200157Ia 4500
008 240729s9999 xx 000 0 und d
022 _a2722-1857
245 0 _aStudies in Learning and Teaching
260 _aIndonesia
260 _bIndonesia Approach Education
650 _a Education (General)
650 _aEducation
856 _uhttps://doaj.org/toc/0baeffb7e45447aaaf0dc1992d99f9c0
942 _2ddc
942 _cDOAJEJ
999 _c68535
_d68535
945 _a1
_bMadushi Gamage
_c1
_dMadushi Gamage